header

Ethanol and biofuels (Record no. 170712)

MARC details
000 -LEADER
fixed length control field 01304nam a2200325Ia 4500
245 00 - TITLE STATEMENT
Title Ethanol and biofuels
260 ## - PUBLICATION, DISTRIBUTION, ETC. (IMPRINT)
Place of publication New York :
Name of publisher Nova Science Publishers,
Year of publication c2009.
300 ## - PHYSICAL DESCRIPTION
Number of Pages xii, 131 p. :
Other physical details col. ill.
650 #0 - SUBJECT ADDED ENTRY--TOPICAL TERM
Topical Term Alcohol as fuel
Topical Term Biomass energy
Topical Term Renewable energy sources
700 1# - ADDED ENTRY--PERSONAL NAME
Personal name Leland, Wesley P.
856 40 - ELECTRONIC LOCATION AND ACCESS
Uniform Resource Identifier http://site.ebrary.com/lib/rucke/Doc?id=10660265

No items available.

© 2026 Rongo University
Contact us: librarian | system librarian | Rongo university